000 01326nam a2200325 i 4500
003 EG-GICUC
005 20260316230710.0
008 260316s1977 ua ||||fr|||| 00| 0 ara d
017 _a1977/2487
040 _a EG-GICUC
_bara
_c EG-GICUC
_d EG-GICUC
_erda
041 _aara
082 0 4 _221
_a343.37
_bم أ . إ
092 0 4 _221
099 _aLaw1 10 343.37 م أ . إ 1977
100 0 _aمأمون محمد سلامة
_eمؤلف.
245 1 2 _aالإجراءات الجنائية.
_cتأليف االدكتور مأمون محمد سلامة.
_nالقسم الأول،
_pفى المحاكمة والحكم والعيوب الاجرائية /
264 3 _aالجيزة :
_bمطبعة جامعة القاهرة والكتاب الجامعى،
_c1977.
300 _a431 صفحة ;
_c24 سم.
_bإيضاحيات، صور، مثيليات ؛
336 _2rda content
_atext
337 _2rda media
_aComputer
338 _2rda carrier
_aOnline Resource
504 _aيشتمل على إرجاعات ببليوجرافية.
546 _aالنص باللغة العربية
650 1 _aالقانون الجنائي
_2qrmak
650 1 _a المحاكمة الجنائية
_2qrmak
651 1 _2qrmak
856 4 0 _uhttps://fll.law.cu.edu.eg/fulltext/bks/B10-04587.pdf
905 _a43
942 _2ddc
_n0
_cBK
_e21
999 _c66384
_d66384